000 00640nam a2200277Ia 4500
005 20260324143752.0
008 008 260324s9999 xx 000 0 eng d
020 _a9780429445132
037 _aEBOOK
040 _aCRL
040 _beng
040 _cCRL
041 _2eng
041 _aeng
084 _qCRL
100 _aPhilip Amis; Peter Lloyd
_91216853
245 0 _aHousing Africa's Urban Poor
260 _bTaylor and Francis
260 _c1990
365 _a
365 _b205
856 _uhttp://www.taylorfrancis.com/books/9780429445132
942 _cEBOOK
999 _c1822651
_d1822651